Biggest First-Level Subdivisions A-Z - Statistics

General Stats
  • This quiz has been taken 8 times
  • The average score is 13 of 26
Answer Stats
Letter Area Answer % Correct
A 1,723,337 Alaska
100%
K 2,366,797 Krasnoyarsk
88%
W 2,527,013 Western Australia
88%
N 1,997,923 Nunavut
75%
Q 1,729,742 Queensland
75%
S 3,083,523 Sakha
75%
T 1,228,400 Tibet
75%
X 1,664,897 Xinjiang
75%
G 2,166,086 Greenland
63%
I 1,183,000 Inner Mongolia
63%
U 240,928 Uttar Pradesh
63%
C 721,481 Chukotka
50%
O 1,076,395 Ontario
50%
P 1,247,690 Para
50%
Y 769,250 Yamalo-Nenets
50%
B 944,735 British Columbia
38%
E 672,522 Eastern (Saudi Arabia)
38%
M 903,357 Mato Grosso
38%
V 237,657 Victoria
38%
Z 431,892 Zabaykalsky
38%
F 170,312 Florida
13%
H 454,800 Heilongjiang
13%
J 187,400 Jilin
13%
L 368,852 Loreto
13%
R 404,240 Riyadh
13%
D 156,906 Diffa
0%
No matching quizzes found
Score Distribution
Percent of People with Each Score
Percentile by Number Answered
Your Score History
You have not taken this quiz